| 000 | 00721nam a22002177a 4500 | ||
|---|---|---|---|
| 999 |
_c15171 _d15171 |
||
| 003 | OSt | ||
| 082 | _2631.587 ARD/BI | ||
| 088 | _aP 296 | ||
| 100 |
_aARDRA WILSON _93730 |
||
| 245 | _aBioengineering measures for erosion and sediment control | ||
| 260 |
_aTavanur 2015 _bDepartment of Irrigation &Drainage Engineering |
||
| 300 | _a45 | ||
| 500 | _aBioengineering measures for erosion and sediment control | ||
| 520 | _aBioengineering measures for erosion and sediment control | ||
| 700 |
_aAthira P _93891 |
||
| 700 |
_aSebi Anna Babu _93732 |
||
| 700 |
_aVishnu K _93733 |
||
| 700 |
_aEr. Asha Joseph (Gudie) _93734 |
||
| 856 | _uhttps://drive.google.com/open?id=1HiUdCjp_4COJV5ou3qJa5fzuXx2PXOId | ||
| 942 | _cPR | ||